| 000 | 02112cam a22003258i 4500 | ||
|---|---|---|---|
| 001 | 2946 | ||
| 003 | FISKH | ||
| 005 | 20240125081250.0 | ||
| 008 | 210305t20211972nyu 000 0 eng | ||
| 010 | _a 2021010375 | ||
| 020 |
_a9780393541595 _q(paperback) |
||
| 040 |
_aDLC _beng _cDLC _erda _dDLC |
||
| 042 | _apcc | ||
| 050 | 1 | 0 |
_aPR6029.B55 _bP67 2021 |
| 082 | 0 | 0 |
_a823/.914 _223 |
| 100 | 1 |
_aO'Brian, Patrick _d1914-2000. _eauthor. |
|
| 245 | 1 | 0 |
_aPost captain / _cPatrick O'Brian. |
| 264 | 1 |
_aNew York : _bW. W. Norton & Company, _c1990 |
|
| 264 | 4 | _c1972 | |
| 300 |
_a527 pages : _billustrations ; _c21 cm. |
||
| 336 |
_atext _btxt _2rdacontent |
||
| 337 |
_aunmediated _bn _2rdamedia |
||
| 338 |
_avolume _bnc _2rdacarrier |
||
| 490 | 0 | _aThe Aubrey/Maturin series | |
| 500 | _a"First published in 1972 by William Collins Sons & Co. Ltd."--Title page verso. | ||
| 520 |
_a""If Jane Austen had written rousing sea yarns, she would have produced something very close to the prose of Patrick O'Brian." -Time. It's 1802. The Treaty of Amiens has brought an end to the hostilities between Great Britain and France. Captain Jack Aubrey and his friend, naval surgeon Stephen Maturin, are enjoying the respite in the English countryside, besotted with two beautiful cousins, Sophie Williams and Diana Villiers-until Aubrey loses his fortune and they flee to France to escape his creditors. While in France, Napoleon smashes the Peace of Amiens and war begins anew. Aubrey and Maturin, now finding themselves behind enemy lines, make their way back to England. Maturin is sent to Spain on an intelligence-gathering mission and the now-solvent Aubrey assumes command of a strange warship, pursuing his quarry straight into the mouth of a French-held harbor. Amidst the rollicking adventures at sea and mishaps on land, Aubrey and Maturin's friendship is tested by their romantic entanglements with the cousins in this brilliant second installment of the epic series"-- _cProvided by publisher. |
||
| 655 | 7 |
_aHistorical fiction. _2gsafd |
|
| 906 |
_a0 _bvip _corignew _d1 _eecip _f20 _gy-gencatlg |
||
| 942 |
_2ddc _cBK _n0 |
||
| 999 |
_c2946 _d2946 |
||